Rizikový kapitál na Slovensku a možnosti jeho využitia pri podpore malých a stredných podnikov diplomová práca

Salvato in:
Dettagli Bibliografici
Autore principale: Ondrejka, Tomáš
Ente Autore: Národohospodárska fakulta EU. Katedra financií
Altri autori: Čiernik, Anton
Natura: Libro
Lingua:slovacco
Pubblicazione: Bratislava 2010
Tags: Aggiungi Tag
Nessun Tag, puoi essere il primo ad aggiungerne!!

MARC

LEADER 00000nam$a2200000$$$4500
001 0119011
005 20240318123400.0
041 0 |a slo 
044 |a SK 
245 1 0 |a Rizikový kapitál na Slovensku a možnosti jeho využitia pri podpore malých a stredných podnikov  |b diplomová práca  |c Tomáš Ondrejka ; škol. Anton Čiernik 
264 1 |a Bratislava  |c 2010 
300 |a 63 s. 
100 1 |a Ondrejka, Tomáš 
700 1 |a Čiernik, Anton 
710 2 |a Národohospodárska fakulta EU. Katedra financií